Library Logo

Pioneer International University Library Catalogue

A SIMPLE GUIDE TO UPGRADING AND REPAIRING PCS (Record no. 6563)

MARC details
000 -LEADER
fixed length control field 00310nam a22000977a 4500
005 - DATE AND TIME OF LATEST TRANSACTION
control field 20250901165614.0
008 - FIXED-LENGTH DATA ELEMENTS--GENERAL INFORMATION
fixed length control field 240321b |||||||| |||| 00| 0 eng d
050 ## - LIBRARY OF CONGRESS CALL NUMBER
Classification number TK7887.T46.C43 1998
245 ## - TITLE STATEMENT
Title A SIMPLE GUIDE TO UPGRADING AND REPAIRING PCS
Statement of responsibility, etc. Charton, E.
942 ## - ADDED ENTRY ELEMENTS (KOHA)
Source of classification or shelving scheme Library of Congress Classification
Classification part TK7887.T46.C43 1998
Holdings
Withdrawn status Lost status Source of classification or shelving scheme Damaged status Not for loan Home library Current library Shelving location Date acquired Total checkouts Full call number Barcode Date last seen Price effective from Koha item type
    Library of Congress Classification     Main Library Main Library   03/21/2024   TK7887.T46.C43 1998 PIUD0000021 03/21/2024 03/21/2024 Books